Desi dreams : (Record no. 72227)

MARC details
000 -LEADER
fixed length control field 01278nam a22003017a 4500
005 - DATE AND TIME OF LATEST TRANSACTION
control field 20121218110442.0
008 - FIXED-LENGTH DATA ELEMENTS--GENERAL INFORMATION
fixed length control field 121218t xxu||||| |||| 00| 0 eng d
010 ## - LCCN (DPL NO)
LC control number ENG-106377
020 ## - INTERNATIONAL STANDARD BOOK NUMBER
International Standard Book Number 9789380607474
Terms of availability 795.00
020 ## - INTERNATIONAL STANDARD BOOK NUMBER
International Standard Book Number 9380607474
Terms of availability 795.00
035 ## - SYSTEM CONTROL NUMBER
System control number EN-89910
037 ## - SOURCE OF ACQUISITION
Source of stock number/acquisition DBAD/PUB
040 ## - CATALOGING SOURCE
Original cataloging agency DPL
Language of cataloging ENG
082 04 - DEWEY DECIMAL CLASSIFICATION NUMBER
Classification number 973.04914
Edition number 23
100 1# - MAIN ENTRY--PERSONAL NAME
Personal name Das, Ashidhara
9 (RLIN) 54375
245 10 - TITLE STATEMENT
Title Desi dreams :
Remainder of title Indian immigrant women build lives across two worlds /
Statement of responsibility, etc by Ashidhara Das
260 ## - PUBLICATION, DISTRIBUTION, ETC. (IMPRINT)
Place of publication, distribution, etc Delhi
Name of publisher, distributor, etc Primus Books
Date of publication, distribution, etc 2012
270 ## - ADDRESS
Address Virat Bhavan, Mukherjee Nagar Commercial Complex
City Delhi
Postal code 110009
300 ## - PHYSICAL DESCRIPTION
Extent xviii, 162p.
Dimensions 25cm(Hb)
500 ## - GENERAL NOTE
General note Includes bibliographical references (p. [151]-157) and index.
650 #0 - SUBJECT ADDED ENTRY--TOPICAL TERM
Topical term or geographic name as entry element Women, East Indian
Geographic subdivision United States
General subdivision Social conditions.
9 (RLIN) 54376
650 #0 - SUBJECT ADDED ENTRY--TOPICAL TERM
Topical term or geographic name as entry element Women, East Indian
Geographic subdivision United States
General subdivision Economic conditions.
9 (RLIN) 54377
650 #0 - SUBJECT ADDED ENTRY--TOPICAL TERM
Topical term or geographic name as entry element Women immigrants
Geographic subdivision United States
General subdivision Social conditions.
9 (RLIN) 54378
650 #0 - SUBJECT ADDED ENTRY--TOPICAL TERM
Topical term or geographic name as entry element Women immigrants
Geographic subdivision United States
General subdivision Economic conditions.
9 (RLIN) 54379
942 ## - ADDED ENTRY ELEMENTS (KOHA)
Source of classification or shelving scheme Dewey Decimal Classification
Item type English Books
Classification part 973.04914
Call number suffix DAS
Holdings
Withdrawn status Lost status Source of classification or shelving scheme Damaged status Not for loan Collection code Home library Current library Date acquired Cost, normal purchase price Total Checkouts Full call number Barcode Date last seen Cost, replacement price Koha item type
    Dewey Decimal Classification     Non-fiction D.B.Act.Division D.B.Act.Division 18/12/2012 795.00   973.04914 DAS EN-89910 18/12/2012 795.00 English Books

© Delhi Public Library
Hit Counter
free hit counter